LEADER 01921nas 2200769- 450 001 9910143808503321 005 20241204162037.0 011 $a2107-7207 035 $a(OCoLC)1295933587 035 $a(CKB)954925454931 035 $a(CONSER)---65085523- 035 $a(DE-599)ZDB2573928-1 035 $a(EXLCZ)99954925454931 100 $a20750920a19599999 --- b 101 0 $afre 135 $aurun||||||||| 181 $ctxt$2rdacontent 182 $cc$2rdamedia 183 $acr$2rdacontent 200 00$aAcarologia 210 $aParis$cMarc Vachon 215 $a1 online resource 300 $aRefereed/Peer-reviewed. 300 $aRefereed/Peer-reviewed 311 08$a0044-586X 320 $aIncludes bibliographical references. 531 $aACAROLOGIA (PARIS) 531 0 $aAcarologia 606 $aMites$vPeriodicals 606 $aTicks$vPeriodicals 606 $aMites 606 $aTicks 606 $aMites 606 $aTicks 606 $aAcariens$vPériodiques 606 $aTiques$vPériodiques 606 $aAcariens 606 $aTiques 606 $aMites$2fast$3(OCoLC)fst01023989 606 $aTicks$2fast$3(OCoLC)fst01150742 606 $aMilbenkunde$2gnd 606 $aAcarologie$2gtt 608 $aPeriodical 608 $aZeitschrift. 608 $aperiodicals.$2aat 608 $aPeriodicals.$2fast 608 $aZeitschrift.$2gnd 608 $aPeriodicals.$2lcgft 608 $aPériodiques.$2rvmgf 615 0$aMites 615 0$aTicks 615 0$aMites. 615 0$aTicks. 615 2$aMites 615 2$aTicks 615 6$aAcariens 615 6$aTiques 615 6$aAcariens. 615 6$aTiques. 615 7$aMites. 615 7$aTicks. 615 7$aMilbenkunde. 615 17$aAcarologie. 906 $aJOURNAL 912 $a9910143808503321 996 $aAcarologia$9802116 997 $aUNINA LEADER 03858nam 22005655 450 001 9910855374003321 005 20250807143229.0 010 $a981-9708-30-3 024 7 $a10.1007/978-981-97-0830-7 035 $a(MiAaPQ)EBC31318904 035 $a(Au-PeEL)EBL31318904 035 $a(CKB)31889897200041 035 $a(DE-He213)978-981-97-0830-7 035 $a(EXLCZ)9931889897200041 100 $a20240502d2024 u| 0 101 0 $aeng 135 $aurcnu|||||||| 181 $ctxt$2rdacontent 182 $cc$2rdamedia 183 $acr$2rdacarrier 200 10$aGenetic Studies in Model Organisms $eFrom Classical to Modern Genetics /$fby Kwang-Wook Choi 205 $a1st ed. 2024. 210 1$aSingapore :$cSpringer Nature Singapore :$cImprint: Springer,$d2024. 215 $a1 online resource (475 pages) 225 1 $aKAIST Research Series,$x2214-255X 311 08$a981-9708-29-X 327 $aPart I. Mendel, Genetic Models, and Mutations -- Chapter 1. Mendel's Principles of Inheritance and Chromosome Theory -- Chapter 2. Genetic Model Organisms -- Chapter 3. Recombination and Chromosomal Rearrangements -- Chapter 4. Loss-of-Function Mutagenesis in Forward Genetics -- Part II. Transposons, Transgenesis, Gene Editing, and Genetic Mosaics -- Chapter 5. Non-Mendelian Genetics: Transposable elements (I) -- Chapter 6. Transposable Elements II: Insertional Mutagenesis -- Chapter 7. Gain-of-Function and Gene Silencing -- Chapter 8. Genetic Interaction, Epistasis, Modifiers -- Chapter 9. Targeted Mutagenesis -- Chapter 10. Transgenesis in Clonal Analysis -- Part III. Epigenetics, Genome Organization, and piRNA -- Chapter 11. Epigenetic Control of Gene Expression -- Chapter 12. Chromosomal Interaction in Chromatin Organization -- Chapter 13. Piwi and piRNA in Germline and Epigenetic Regulation -- Part IV. Applications of Genetic Analysis -- Chapter 14. Genetic Control of Dosage Compensation -- Chapter 15. Genetics of Programmed Cell Death -- Chapter 16. Genetics of Growth Control -- Chapter 17. Genetic Studies on Behavior. 330 $aThis book reviews key advances and new fundamentals in genetics. The increasing importance of genetic approaches in diverse areas of biology and medical sciences constantly requires in-depth information on genetic discoveries and research strategies for advanced graduate-level students as well as current researchers. This book focuses on genetic studies of various animal model systems and their major contributions to establishing modern genetics. Information covered in this book is mostly based on original research papers that extend from classical to modern genetics and applications. The contents are organized into four parts. Part I introduces fundamental concepts and experimental strategies in classical genetics. Part II discusses molecular genetics with transposons, transgenesis, clonal analysis, and gene editing technologies. Part III emphasizes epigenetic regulation of genome organization and gene expression. Part IV integrates earlier parts with landmark genetic studies on non-coding RNAs in dosage compensation, programmed cell death, growth control related to cancer, and behavioral neurobiology. . 410 0$aKAIST Research Series,$x2214-255X 606 $aBiology 606 $aGenetics 606 $aBiological Sciences 606 $aGenetics 606 $aGenetics and Genomics 606 $aGenotype 615 0$aBiology. 615 0$aGenetics. 615 14$aBiological Sciences. 615 24$aGenetics. 615 24$aGenetics and Genomics. 615 24$aGenotype. 676 $a575.1 700 $aChoi$b Kwang-Wook$01737847 801 0$bMiAaPQ 801 1$bMiAaPQ 801 2$bMiAaPQ 906 $aBOOK 912 $a9910855374003321 996 $aGenetic Studies in Model Organisms$94159749 997 $aUNINA